000 00325pam a2200145 a 4500
020 _c
041 _aeng
082 _bPAT
100 _aPattioson T.
245 _aProgramimg Dist Applicatpn COM & VS60
_hTextual Documents
250 _a2000.
260 _a[s.l]:
_bWp Publishing PVT
300 _a314 pg .
930 _a5205
999 _c82121
_d82121